Loading...
| Literature - American Literature | 1 | 2 | 0 | 0 | 35 | 57 | 95.00 | 1 | 2 |
| Social Science | 0 | 3 | 0 | 2 | 30 | 83 | 113.33 | 2 | 3 |
| Literature - British Literature | 1 | 1 | 0 | 0 | 25 | 76 | 85.00 | 2 | 2 |
| History - European History | 0 | 2 | 0 | 0 | 20 | 73 | 89.00 | 1 | 2 |
| Beliefs | 0 | 3 | 2 | 2 | 20 | 120 | 131.67 | 0 | 2 |
| World and Other Literature | 0 | 1 | 0 | 0 | 10 | 123 | 123.00 | 0 | 0 |
| British and Commonwealth History | 0 | 1 | 0 | 1 | 10 | 130 | 130.00 | 0 | 1 |
| Fine Arts - Auditory Fine Arts | 0 | 1 | 0 | 0 | 10 | 89 | 89.00 | 0 | 1 |
| Other Arts: Auditory | 0 | 1 | 0 | 0 | 10 | 69 | 69.00 | 1 | 1 |
| Science - Biology | 0 | 1 | 0 | 0 | 10 | 103 | 103.00 | 0 | 1 |
| Ancient History and Archaeology | 0 | 1 | 0 | 0 | 10 | 112 | 112.00 | 0 | 1 |
| History - American History | 0 | 1 | 1 | 0 | 5 | 98 | 98.00 | 0 | 1 |
| Science - Chemistry | 0 | 0 | 0 | 0 | 0 | 0.00 | 0 | 0 | |
| History - World History | 0 | 1 | 2 | 0 | 0 | 96 | 96.00 | 0 | 1 |
| Science - Physics | 0 | 0 | 0 | 0 | 0 | 0.00 | 0 | 0 | |
| Philosophy | 0 | 0 | 1 | 0 | -5 | 0.00 | 0 | 0 |